000 00540nam a2200181Ia 4500
008 140626s9999 xx 000 0 und d
100 _aChaichanawirote, Uraiwan et al
245 4 _aThe Complexity of older adult's social support networks /
_cUraiwan Chaichanawirote ... [et al.].
260 _cc2013.
300 _a6 : 1, page 275
440 _aResearch in Gerontological Nursing
521 _aNUR
650 _aComplexity.
650 _aOlder adults.
650 _aSocial networking.
650 _aSocial support.
942 _cSE
999 _c121474
_d121474